| 000 | 01870nam a22004817a 4500 | ||
|---|---|---|---|
| 001 | 000097897 | ||
| 003 | CHAP | ||
| 005 | 20220329143300.0 | ||
| 008 | 080121s2008 mx r 000 0 spa d | ||
| 010 | _a94363 | ||
| 011 | _a95335 | ||
| 035 | _a105956 | ||
| 040 | _cCHAP | ||
| 090 | _aTesis | ||
| 100 | 1 |
_aGuadarrama Muños, Alfredo. _950936 |
|
| 245 | 1 | 0 |
_aFallas operativas de máquinas clasificadoras de frutas en fresco en la empresa Corporación Industrial Uruapan / _c/por Alfredo Guadarrama Muños. |
| 260 |
_aChapingo, Méx. : _bEl autor, _c2008. |
||
| 300 |
_a83 h. : _bilus. ; gráfs. ; cuadros. |
||
| 502 | _aTesis (Ing. Mecánico Agrícola) -- UACH. Departamento de Ingeniería Mecánica Agrícola | ||
| 530 | _aTambién disponible en línea | ||
| 590 |
_aALEPH _b10 _c20130110 _lUCH01 _h1521 |
||
| 590 |
_aBATCH-UPD _b10 _c20130110 _lUCH01 _h0430 |
||
| 590 |
_aBATCH-UPD _b10 _c20130110 _lUCH01 _h2330 |
||
| 590 |
_aBATCH-UPD _b10 _c20130410 _lUCH01 _h0105 |
||
| 590 |
_aBATCH-UPD _b10 _c20130410 _lUCH01 _h1620 |
||
| 590 |
_aBATCH-UPD _b10 _c20130914 _lUCH01 _h1304 |
||
| 590 |
_aBATCH-UPD _b10 _c20140324 _lUCH01 _h1506 |
||
| 590 |
_aBATCH-UPD _b10 _c20141002 _lUCH01 _h0836 |
||
| 590 |
_aCONVERSION _b10 _c20130109 _lUCH01 _h1352 |
||
| 590 |
_aE11695DGD _b10 _c20160330 _lUCH01 _h1410 |
||
| 650 | 1 | 4 |
_aEmpresas agropecuarias. _936649 |
| 650 | 1 | 4 |
_aFruta _xClasificación. _943599 |
| 650 | 1 | 4 |
_aFruta _xEmpaque. _943610 |
| 650 | 1 | 4 |
_aMaquinaria agrícola _xMantenimiento y reparación. _971182 |
| 650 | 1 | 4 |
_aMaquinaria agrícola _xMichoacán. _971185 |
| 856 |
_3Finding aid _uhttp://10.13.5.2/tesis/105956.pdf _zTeclea aqui |
||
| 901 | _aBK | ||
| 905 | _aLuisgm | ||
| 942 | _cFOLL | ||
| 942 | _n0 | ||
| 949 |
_aTesis _bBC _cTES _d33724002046124 _eTS1 _gDonaciØn _h47578 _i105956 _sb |
||
| 949 |
_aTesis _bBC _cTES _d33724002046181 _eTS2 _fc.2 _gDonaciØn _h47579 _i105956 _sb |
||
| 999 |
_c94363 _d94363 |
||